<?xml version="1.0" encoding="UTF-8"?><?xml-stylesheet type="text/xsl" href="static/style.xsl"?><OAI-PMH xmlns="http://www.openarchives.org/OAI/2.0/" xmlns:xsi="http://www.w3.org/2001/XMLSchema-instance" xsi:schemaLocation="http://www.openarchives.org/OAI/2.0/ http://www.openarchives.org/OAI/2.0/OAI-PMH.xsd"><responseDate>2026-06-29T22:56:19Z</responseDate><request verb="GetRecord" identifier="oai:riubu.ubu.es:10259/165" metadataPrefix="marc">https://riubu.ubu.es/oai/request</request><GetRecord><record><header><identifier>oai:riubu.ubu.es:10259/165</identifier><datestamp>2022-04-26T11:42:11Z</datestamp><setSpec>com_10259_2699</setSpec><setSpec>col_10259_2713</setSpec></header><metadata><record xmlns="http://www.loc.gov/MARC21/slim" xmlns:doc="http://www.lyncode.com/xoai" xmlns:xsi="http://www.w3.org/2001/XMLSchema-instance" xmlns:dcterms="http://purl.org/dc/terms/" xsi:schemaLocation="http://www.loc.gov/MARC21/slim http://www.loc.gov/standards/marcxml/schema/MARC21slim.xsd">
<leader>00925njm 22002777a 4500</leader>
<datafield tag="042" ind1=" " ind2=" ">
<subfield code="a">dc</subfield>
</datafield>
<datafield tag="720" ind1=" " ind2=" ">
<subfield code="a">López Donoso, Ester Patricia</subfield>
<subfield code="e">author</subfield>
</datafield>
<datafield tag="260" ind1=" " ind2=" ">
<subfield code="c">2011</subfield>
</datafield>
<datafield tag="520" ind1=" " ind2=" ">
<subfield code="a">Esta tesis doctoral representa diez años de investigaciones conducentes a diseñar, aplicar y analizar una metodología didáctica para la enseñanza de la Física General Mecánica (MODIEME) en estudiantes universitarios. Se desarrolla a través de cinco etapas cuyo objetivo general es facilitar la construcción de aprendizajes significativos. Las dos primeras etapas buscan averiguar el tipo de representaciones mentales utilizan los alumnos cuando resuelven problemas de lápiz y papel (etapa I) y en qué medida van debilitándose sus preconcepciones cuando aprueban 1, 2, 3 o 4 asignaturas de Física en su carrera (etapa II). Con esta información se diseña y aplica MODIEME   y se prueba con un grupo de estudiantes de ingeniería (etapa III). Se comprueba que MODIEME eleva el rendimiento, disminuye la tasa de deserción, fortalece el aprendizaje significativo de conceptos y fomenta la construcción de modelos mentales efectivos. &#xd;
De los cuatro elementos que conforman MODIEME, se encuentra que el taller de aprendizaje cooperativo-significativo, TACS, es el elemento que más influye en el aprendizaje significativo de los estudiantes. La investigación cuasi-experimental realizada (etapa IV) muestra que el TACS fortalece, en el grupo experimental, el aprendizaje significativo de conceptos  y el rendimiento en comparación con un grupo control que se somete a una metodología tradicional.&#xd;
Finalmente  etapa V, es un seguimiento a los estudiantes  intervenidos e investigados con la metodología MODIEME, cinco años después. Reconocen fortalezas en la metodología, fundamentalmente en lo relativo a la identificación de sus propias preconcepciones y al progresivo dominio de definiciones, conceptos y situaciones en el campo de la mecánica clásica.&#xd;
Los principales referenciales teóricos considerados y con los cuales se han apoyado las investigaciones son: a)la teoría de aprendizaje significativo de Ausubel (más los aportes de Gowin y Novak) para el diseño, aplicación y evaluación de MODIEME; b)La teoría de los modelos mentales de Johnson-Laird, para explicar los procesos mentales seguidos por los alumnos en la resolución de problemas y c) la teoría socio-histórica de Vygotsky que explica y fundamenta el TACS, ya que se adopta la idea de que los procesos psicológicos superiores de las personas se originan en la vida social, es decir, en la participación del sujeto en actividades compartidas con otros.</subfield>
</datafield>
<datafield tag="024" ind2=" " ind1="8">
<subfield code="a">http://hdl.handle.net/10259/165</subfield>
</datafield>
<datafield tag="024" ind2=" " ind1="8">
<subfield code="a">10.36443/10259/165</subfield>
</datafield>
<datafield ind1=" " ind2=" " tag="653">
<subfield code="a">Aprendizaje significativo</subfield>
</datafield>
<datafield ind1=" " ind2=" " tag="653">
<subfield code="a">modelo didactico de enseñanza</subfield>
</datafield>
<datafield ind1=" " ind2=" " tag="653">
<subfield code="a">modelos mentales</subfield>
</datafield>
<datafield ind1=" " ind2=" " tag="653">
<subfield code="a">Mecanica newtoniana</subfield>
</datafield>
<datafield ind1=" " ind2=" " tag="653">
<subfield code="a">estudiantes universitarios</subfield>
</datafield>
<datafield ind1=" " ind2=" " tag="653">
<subfield code="a">Significant learning</subfield>
</datafield>
<datafield ind1=" " ind2=" " tag="653">
<subfield code="a">didactic teaching model</subfield>
</datafield>
<datafield ind1=" " ind2=" " tag="653">
<subfield code="a">mental models</subfield>
</datafield>
<datafield ind1=" " ind2=" " tag="653">
<subfield code="a">Newtonian mechanics</subfield>
</datafield>
<datafield ind1=" " ind2=" " tag="653">
<subfield code="a">university students</subfield>
</datafield>
<datafield tag="245" ind1="0" ind2="0">
<subfield code="a">La modelización conceptual de la mecánica newtoniana en estudiantes de física universitarios: una aplicación de la teoría de Ausubel de aprendizaje significativo</subfield>
</datafield>
</record></metadata></record></GetRecord></OAI-PMH>